00520nam a2200205Ia 4500003000400000005001700004008004100021020001800062040000700080041001200087082002100099100002700120245004900147250000600196260004200202300003000244365001300274650001200287650001500299OSt20250705160834.0210423s2012 xx 000 0 und d a9780198070870 cAL aEnglish a070.10175 bTHAM aParanjoy Guha Thakurta aMedia ethics: truth fairness and objectivity a2 aOxfordbOxford University Pressc2012 axxi,542p.bPBc24x15.5cm. b425cINR aGeneral aMass Media